[Event "11th Philadelphia International"]
[Site "Philadelphia, PA"]
[Date "2017.06.24"]
[Round "1.32"]
[White "Moon, Benjamin"]
[Black "Kumar, V Prudhui"]
[Result "0-1"]
[WhiteElo "2304"]
[BlackElo "1707"]
[PlyCount "68"]
[EventDate "2017.06.??"]
[EventType "swiss"]
[EventRounds "9"]
[EventCountry "USA"]

1. d4 Nf6 2. Bf4 g6 3. Nc3 d5 4. Qd2 Bg7 5. f3 O-O 6. O-O-O a6 7. e4 dxe4 8.
fxe4 c5 9. d5 Qa5 10. e5 Nh5 11. Nf3 Nxf4 12. Qxf4 b5 13. Kb1 Nd7 14. Ne4 Bb7
15. h4 Qc7 16. d6 exd6 17. Nf6+ Nxf6 18. exf6 Bh8 19. Nh2 Qd8 20. Ng4 h5 21.
Nh6+ Kh7 22. Rxd6 Qxd6 23. Qxd6 Rad8 24. Nxf7 Rxd6 25. Nxd6 Rd8 26. Bxb5 Rxd6
27. f7 Kg7 28. Rf1 Kf8 29. Bc4 Bxg2 30. Re1 Bc6 31. a3 Bf6 32. b4 cxb4 33. axb4
Bxh4 34. Re5 Bf6 0-1

[Event "11th Philadelphia International"]
[Site "Philadelphia, PA"]
[Date "2017.06.24"]
[Round "1.33"]
[White "Lee, Jayden"]
[Black "Niemann, Hans"]
[Result "0-1"]
[WhiteElo "1689"]
[BlackElo "2282"]
[PlyCount "68"]
[EventDate "2017.06.??"]
[EventType "swiss"]
[EventRounds "9"]
[EventCountry "USA"]

1. e4 e6 2. d4 d5 3. exd5 exd5 4. Nf3 Bd6 5. c4 Nf6 6. Nc3 dxc4 7. Bxc4 O-O 8.
O-O Bg4 9. h3 Bh5 10. g4 Bg6 11. Ne5 c5 12. Nxg6 hxg6 13. d5 Nbd7 14. f4 Nb6
15. Be2 c4 16. Bf3 Bc5+ 17. Kg2 Re8 18. d6 Qxd6 19. Qxd6 Bxd6 20. Bxb7 Rad8 21.
Rd1 Bc5 22. Bf3 Rxd1 23. Bxd1 Re1 24. Bd2 Rg1+ 25. Kh2 Nbd5 26. g5 Nxc3 27.
Bxc3 Ne4 28. b4 Be3 29. Be5 Rf1 30. Ba4 Rf2+ 31. Kh1 Ng3+ 32. Kg1 Ne2+ 33. Kh1
Ng3+ 34. Kg1 Rxa2# 0-1

[Event "11th Philadelphia International"]
[Site "Philadelphia, PA"]
[Date "2017.06.24"]
[Round "1.34"]
[White "Jirasek, Ladia"]
[Black "Hu, Pinyi"]
[Result "1-0"]
[WhiteElo "2271"]
[BlackElo "1649"]
[PlyCount "75"]
[EventDate "2017.06.??"]
[EventType "swiss"]
[EventRounds "9"]
[EventCountry "USA"]

1. e4 c5 2. Nf3 d6 3. d4 cxd4 4. Nxd4 Nf6 5. Nc3 g6 6. Be3 Bg7 7. f3 O-O 8. Bc4
Nc6 9. Qd2 Bd7 10. O-O-O Rb8 11. Bb3 Na5 12. Kb1 b5 13. g4 Nc4 14. Bxc4 bxc4
15. Ka1 Qb6 16. Rb1 Qa5 17. h4 h5 18. gxh5 Qxh5 19. Bg5 Kh7 20. Rbf1 Ng8 21.
Nde2 Be5 22. f4 Bxc3 23. Nxc3 f6 24. f5 gxf5 25. exf5 Nh6 26. Bxh6 Qxh6 27. Qe2
Rbe8 28. Qxc4 Qh5 29. Qe4 Rg8 30. Rf4 Rg7 31. Rhf1 Reg8 32. a3 a6 33. Nd5 Bc6
34. Nxf6+ exf6 35. Qxc6 Rg4 36. Qxd6 Qxh4 37. Qe7+ R8g7 38. Rxg4 1-0

[Event "11th Philadelphia International"]
[Site "Philadelphia, PA"]
[Date "2017.06.24"]
[Round "1.35"]
[White "Norman, Dennis"]
[Black "Bian, Alex"]
[Result "1/2-1/2"]
[WhiteElo "1644"]
[BlackElo "2266"]
[PlyCount "161"]
[EventDate "2017.06.??"]
[EventType "swiss"]
[EventRounds "9"]
[EventCountry "USA"]

1. e4 c5 2. Nf3 g6 3. c3 Bg7 4. d4 cxd4 5. cxd4 d5 6. e5 Nc6 7. Bb5 Bg4 8.
Bxc6+ bxc6 9. Nbd2 Nh6 10. h3 Bxf3 11. Nxf3 O-O 12. O-O Rc8 13. Bf4 e6 14. Qd2
Nf5 15. Rac1 f6 16. exf6 Bxf6 17. Be5 Rf7 18. Rfe1 Nd6 19. Bxd6 Qxd6 20. Qd3
Re7 21. Rc5 Rb8 22. Qc3 Rc7 23. Ne5 Rb6 24. b4 Be7 25. a3 Bf6 26. Qf3 Kg7 27.
Qg4 Rb5 28. h4 Bxe5 29. Rxe5 Re7 30. h5 Rxc5 31. bxc5 Qd7 32. hxg6 hxg6 33. f4
Qe8 34. Qh3 Qf7 35. Qe3 Kf8 36. Rg5 Qf6 37. g3 Kf7 38. Qd3 Rb7 39. Kg2 Rb2+ 40.
Kf3 a5 41. Qc3 Rb5 42. Re5 a4 43. Re3 Qh8 44. Qa1 Qh5+ 45. Kg2 Qf5 46. Qh1 Rb2+
47. Kf3 Kg7 48. Qh4 Rb7 49. g4 Qf6 50. Qxf6+ Kxf6 51. g5+ Ke7 52. Rd3 Rb2 53.
Ke3 Rh2 54. Kf3 Kd7 55. Ke3 Kc7 56. Rc3 Kb7 57. Kd3 Ka6 58. Ke3 Kb5 59. Kd3 Rf2
60. Ke3 Rf1 61. Rc2 Rb1 62. Rc3 Rb2 63. Kd3 Rh2 64. Ke3 Rh3+ 65. Kd2 Rh1 66.
Ke3 Re1+ 67. Kf3 Re4 68. Rd3 Kc4 69. Rd2 Rxd4 70. Re2 Rd3+ 71. Kg4 Rxa3 72.
Rxe6 Kxc5 73. Rxg6 d4 74. Rg8 d3 75. Rd8 Rb3 76. g6 a3 77. g7 Rb1 78. Rxd3 Rg1+
79. Kf5 Kb4 80. Rd7 a2 81. Ra7 1/2-1/2

[Event "11th Philadelphia International"]
[Site "Philadelphia, PA"]
[Date "2017.06.24"]
[Round "1.36"]
[White "Li, Ben"]
[Black "Wongso, Steve"]
[Result "1-0"]
[WhiteElo "2263"]
[BlackElo "1636"]
[PlyCount "137"]
[EventDate "2017.06.??"]
[EventType "swiss"]
[EventRounds "9"]
[EventCountry "USA"]

1. d4 Nf6 2. c4 g6 3. Nc3 Bg7 4. e4 d6 5. Nf3 O-O 6. h3 Na6 7. Bg5 h6 8. Be3 c6
9. Be2 e5 10. d5 c5 11. g4 Nh7 12. Qd2 g5 13. h4 f6 14. Nh2 Re8 15. Nf1 Nf8 16.
h5 Nc7 17. a3 a5 18. b3 Re7 19. Ng3 Ne8 20. O-O b6 21. f3 Rea7 22. Rab1 Nc7 23.
Rb2 Na6 24. Rfb1 Kh8 25. Nb5 Rd7 26. Nf5 Nh7 27. Ra2 Rb8 28. Kg2 Bf8 29. Bf2
Kg8 30. Bd3 Kh8 31. Ne3 Nc7 32. Na7 Bb7 33. b4 Ra8 34. bxa5 bxa5 35. Rxb7 Nxd5
36. Rxd7 Nf4+ 37. Kh2 Qxd7 38. Nb5 Rb8 39. Nd5 Nxd5 40. exd5 Be7 41. Bf5 Qd8
42. Rb2 Nf8 43. Na7 Rxb2 44. Qxb2 Qa8 45. Nc8 Bd8 46. Nxd6 Bc7 47. Ne4 Qa6 48.
Bxc5 Nh7 49. Qb5 Qxb5 50. cxb5 Kg7 51. Bxh7 Kxh7 52. Nxf6+ Kg7 53. Bd6 Bxd6 54.
Ne8+ Kf7 55. Nxd6+ Kf6 56. b6 Ke7 57. Nf5+ Kd7 58. Nxh6 a4 59. Nf7 e4 60. fxe4
Kc8 61. Nxg5 Kd7 62. h6 Ke7 63. h7 Kf6 64. h8=Q+ Kxg5 65. Kg3 Kg6 66. b7 Kf7
67. b8=R Kg6 68. Rb7 Kg5 69. Qg7# 1-0

[Event "11th Philadelphia International"]
[Site "Philadelphia, PA"]
[Date "2017.06.24"]
[Round "1.39"]
[White "Aravind, Neelakantan"]
[Black "Zhang, Chao"]
[Result "0-1"]
[WhiteElo "1351"]
[BlackElo "2229"]
[PlyCount "96"]
[EventDate "2017.06.??"]
[EventType "swiss"]
[EventRounds "9"]
[EventCountry "USA"]

1. Nf3 Nf6 2. g3 d5 3. Bg2 g6 4. O-O Bg7 5. d4 O-O 6. c4 c6 7. b3 b6 8. Bb2 Ba6
9. Ne5 e6 10. Nd2 Nfd7 11. Nxd7 Nxd7 12. Re1 Rc8 13. e3 Re8 14. Rc1 f5 15. cxd5
cxd5 16. Rxc8 Qxc8 17. Qc1 Nf6 18. Qxc8 Rxc8 19. Rc1 Rxc1+ 20. Bxc1 Ne4 21.
Nxe4 fxe4 22. Bf1 Bxf1 23. Kxf1 Kf7 24. g4 Kf6 25. h4 h5 26. gxh5 gxh5 27. Kg2
Kf5 28. Ba3 Kg4 29. Be7 e5 30. dxe5 Bxe5 31. a4 a6 32. Bd8 b5 33. axb5 axb5 34.
Be7 d4 35. exd4 Bxd4 36. Bd8 Bc5 37. Bg5 Bb6 38. Be7 Bc7 39. Bg5 Bd6 40. Bd8
Bf4 41. Be7 Kf5 42. f3 Ke5 43. Bc5 Kd5 44. Ba7 Be5 45. Be3 Bf6 46. Bg5 Bxg5 47.
hxg5 e3 48. g6 Ke6 0-1

[Event "11th Philadelphia International"]
[Site "Philadelphia, PA"]
[Date "2017.06.24"]
[Round "2.1"]
[White "Perez, Yuniesky"]
[Black "Sarkar, Justin"]
[Result "1-0"]
[WhiteElo "2624"]
[BlackElo "2375"]
[PlyCount "83"]
[EventDate "2017.06.??"]
[EventType "swiss"]
[EventRounds "9"]
[EventCountry "USA"]
[WhiteClock "0:05:03"]
[BlackClock "0:00:15"]

1. e4 e5 2. Nf3 Nc6 3. Bb5 a6 4. Ba4 Nf6 5. O-O Nxe4 6. d4 exd4 7. Re1 d5 8.
Nxd4 Bd6 9. Nxc6 Bxh2+ 10. Kh1 Qh4 11. Rxe4+ dxe4 12. Qd8+ Qxd8 13. Nxd8+ Kxd8
14. Kxh2 Be6 15. Be3 f5 16. Nc3 Kc8 17. Re1 Rf8 18. g4 fxg4 19. Nxe4 Bxa2 20.
Nc5 b5 21. Bb3 Bxb3 22. cxb3 Re8 23. Rd1 a5 24. Rd7 Ra6 25. Rxg7 Rg6 26. Rxh7
c6 27. Bf4 Rf8 28. Kg3 Rgf6 29. Rc7+ Kd8 30. Ra7 Ke8 31. Ra8+ Ke7 32. Ra7+ Ke8
33. Bg5 Rf3+ 34. Kxg4 Rxf2 35. Re7+ Kd8 36. Ne6+ Kc8 37. Nxf8 Rxb2 38. Nd7 Kc7
39. Bf4+ Kd8 40. Rh7 Rxb3 41. Nc5 Rb4 42. Kf5 1-0

[Event "11th Philadelphia International"]
[Site "Philadelphia, PA"]
[Date "2017.06.24"]
[Round "2.2"]
[White "Ruiz, Joshua"]
[Black "Nyzhnyk, Illia"]
[Result "0-1"]
[WhiteElo "2367"]
[BlackElo "2612"]
[PlyCount "60"]
[EventDate "2017.06.??"]
[EventType "swiss"]
[EventRounds "9"]
[EventCountry "USA"]
[WhiteClock "0:48:45"]
[BlackClock "1:06:58"]

1. e4 e6 2. d4 d5 3. Nc3 Nf6 4. e5 Nfd7 5. f4 c5 6. Nf3 Nc6 7. Be3 Be7 8. Qd2
O-O 9. dxc5 Nxc5 10. O-O-O a6 11. Qf2 b6 12. h4 Qc7 13. g4 Bb7 14. Rh3 f6 15.
Qh2 fxe5 16. Nxe5 Bd6 17. Nxc6 Bxc6 18. Rd4 Rf7 19. Qd2 Raf8 20. Rf3 Be5 21. f5
Bxd4 22. Bxd4 exf5 23. g5 Re7 24. b3 Bb7 25. Kb2 Ne6 26. Ne2 Nxd4 27. Nxd4 f4
28. h5 Re4 29. h6 Qe5 30. c3 g6 0-1

[Event "11th Philadelphia International"]
[Site "Philadelphia, PA"]
[Date "2017.06.24"]
[Round "2.3"]
[White "Stukopin, Andrey"]
[Black "Kumar, Nikhil"]
[Result "1-0"]
[WhiteElo "2577"]
[BlackElo "2367"]
[PlyCount "53"]
[EventDate "2017.06.??"]
[EventType "swiss"]
[EventRounds "9"]
[EventCountry "USA"]
[WhiteClock "0:38:04"]
[BlackClock "0:50:09"]

1. e4 c6 2. Nc3 d5 3. Nf3 dxe4 4. Nxe4 Nf6 5. Qe2 Nxe4 6. Qxe4 Nd7 7. Bc4 Nf6
8. Ne5 e6 9. Qe2 b5 10. Bb3 Qc7 11. d4 Bd6 12. O-O O-O 13. Re1 Bb7 14. c3 a5
15. a4 c5 16. axb5 cxd4 17. cxd4 Bb4 18. Rd1 Nd5 19. Bg5 f6 20. Nc6 Rae8 21.
Nxb4 fxg5 22. Rac1 Nf4 23. Qxe6+ Nxe6 24. Rxc7 Kh8 25. Rxb7 Nxd4 26. Bc4 Rd8
27. Nd5 1-0

[Event "11th Philadelphia International"]
[Site "Philadelphia, PA"]
[Date "2017.06.24"]
[Round "2.4"]
[White "Wang, Kevin"]
[Black "Li, Ruifeng"]
[Result "0-1"]
[WhiteElo "2367"]
[BlackElo "2571"]
[PlyCount "114"]
[EventDate "2017.06.??"]
[EventType "swiss"]
[EventRounds "9"]
[EventCountry "USA"]
[WhiteClock "0:22:11"]
[BlackClock "0:07:57"]

1. e4 c5 2. Nf3 d6 3. Bb5+ Nd7 4. c3 Ngf6 5. Qe2 a6 6. Ba4 e6 7. O-O b5 8. Bc2
Bb7 9. d4 Be7 10. Re1 O-O 11. a4 Qc7 12. Bg5 h6 13. Bh4 cxd4 14. cxd4 b4 15.
Bd3 Rfc8 16. Nbd2 Nf8 17. e5 dxe5 18. dxe5 Nd5 19. Bxe7 Nf4 20. Qe3 Nxd3 21.
Qxd3 Qxe7 22. Nc4 Ng6 23. b3 Rc5 24. Rad1 Bd5 25. Nb6 Rd8 26. Nxd5 Rcxd5 27.
Qc2 Qd7 28. Rxd5 Qxd5 29. h4 Nf4 30. Re4 Qd1+ 31. Qxd1 Rxd1+ 32. Kh2 Nd5 33.
Rc4 Rd3 34. Rc6 a5 35. Rc5 Rxb3 36. Rxa5 Ra3 37. Ra8+ Kh7 38. a5 Ra2 39. Kg3
Nc3 40. Rb8 Ne4+ 41. Kh2 Rxa5 42. Rxb4 Nxf2 43. Rb7 Kg6 44. h5+ Kxh5 45. Rxf7
g5 46. Re7 Ra1 47. g3 Ra2 48. Rxe6 Kg4 49. Nd4 Rd2 50. Nb3 Rb2 51. Nd4 Nh3+ 52.
Kh1 Kxg3 53. Nf5+ Kf3 54. Nd4+ Ke4 55. Rxh6 Nf2+ 56. Kg1 Kxd4 57. Rh2 Nd3 0-1

[Event "11th Philadelphia International"]
[Site "Philadelphia, PA"]
[Date "2017.06.24"]
[Round "2.5"]
[White "Belous, Vladimir"]
[Black "Perez, Robert"]
[Result "1/2-1/2"]
[WhiteElo "2567"]
[BlackElo "2365"]
[PlyCount "72"]
[EventDate "2017.06.??"]
[EventType "swiss"]
[EventRounds "9"]
[EventCountry "USA"]

1. c4 c5 2. Nf3 Nc6 3. Nc3 g6 4. e3 Nf6 5. d4 cxd4 6. exd4 d5 7. cxd5 Nxd5 8.
Qb3 e6 9. Bc4 Nb6 10. Bb5 Bg7 11. Bg5 f6 12. Be3 O-O 13. O-O Ne7 14. Rfe1 Nbd5
15. Bd2 g5 16. h3 h5 17. Ne4 b6 18. Rac1 Bd7 19. Ng3 h4 20. Ne4 Rc8 21. Nc3
Bxb5 22. Qxb5 Re8 23. Qe2 Rc6 24. Qe4 Qd7 25. Qg4 Nf5 26. Ne4 Rxc1 27. Rxc1 Rc8
28. Re1 Rc2 29. Bxg5 fxg5 30. Ne5 Qc8 31. Qh5 Rc1 32. Rxc1 Qxc1+ 33. Kh2 Qc7
34. Kg1 Qc1+ 35. Kh2 Qc7 36. Kg1 Qc1+ 1/2-1/2

[Event "11th Philadelphia International"]
[Site "Philadelphia, PA"]
[Date "2017.06.24"]
[Round "2.6"]
[White "Mandizha, Farai"]
[Black "Becerra, Julio"]
[Result "1-0"]
[WhiteElo "2342"]
[BlackElo "2556"]
[PlyCount "117"]
[EventDate "2017.06.??"]
[EventType "swiss"]
[EventRounds "9"]
[EventCountry "USA"]

1. d4 g6 2. e4 Bg7 3. Nf3 d6 4. Bc4 e6 5. Qe2 Ne7 6. Nc3 a6 7. a4 h6 8. O-O b6
9. Be3 Nd7 10. Nd2 Nf6 11. Rad1 d5 12. Bb3 Bb7 13. Bf4 O-O 14. Be5 dxe4 15.
Ndxe4 Ned5 16. Nxd5 exd5 17. Nxf6+ Bxf6 18. Qf3 Bg7 19. Qg3 Rc8 20. Rfe1 f6 21.
Bf4 g5 22. Bd2 Qd7 23. a5 Rfe8 24. axb6 cxb6 25. Qf3 f5 26. c3 Rcd8 27. h4 g4
28. Qg3 Bc8 29. Ba2 b5 30. Bf4 Re6 31. Rxe6 Qxe6 32. Bd2 Qd6 33. Qe3 Bd7 34. g3
Bf8 35. Qd3 Re8 36. Bf4 Qc6 37. Be5 h5 38. Qe3 Qg6 39. Bxd5+ Kh7 40. Qd3 a5 41.
c4 bxc4 42. Qxc4 Rc8 43. Qb3 Bb4 44. Bf7 Qh6 45. Qd5 Bc6 46. Qe6 Qxe6 47. Bxe6
Rf8 48. d5 Ba4 49. Rc1 Bb3 50. Rc7+ Kg6 51. Rg7+ Kh6 52. Rg5 Re8 53. Bg7+ Kh7
54. Bxf5+ Kg8 55. Be6+ Kh7 56. Bd4 Bc2 57. Bf7 Re1+ 58. Kh2 Bd2 59. Bg8+ 1-0

[Event "11th Philadelphia International"]
[Site "Philadelphia, PA"]
[Date "2017.06.24"]
[Round "2.7"]
[White "Barbosa, Oliver"]
[Black "Grabinsky, Aaron"]
[Result "1-0"]
[WhiteElo "2511"]
[BlackElo "2338"]
[PlyCount "99"]
[EventDate "2017.06.??"]
[EventType "swiss"]
[EventRounds "9"]
[EventCountry "USA"]

1. c4 c5 2. Nf3 Nf6 3. Nc3 e6 4. g3 b6 5. Bg2 Bb7 6. O-O Be7 7. Re1 d5 8. cxd5
Nxd5 9. e4 Nb4 10. d4 cxd4 11. Nxd4 O-O 12. e5 Bxg2 13. Kxg2 N8c6 14. Nxc6 Nxc6
15. Qg4 Qd3 16. Re4 Rfd8 17. Bh6 Bf8 18. Qh5 g6 19. Qh4 Bxh6 20. Qxh6 Qd2 21.
Rf4 Nxe5 22. Ne4 Ng4 23. Qh4 Qxb2 24. Re1 f5 25. Ng5 Rd7 26. h3 Ne5 27. Re3 Re8
28. a4 h5 29. g4 hxg4 30. Qh6 Rg7 31. Qh4 Nf3 32. Nxf3 gxf3+ 33. Rfxf3 Rf7 34.
Rc3 Qe2 35. Rg3 Rg7 36. Rg5 Qe5 37. Rcg3 Kf7 38. a5 bxa5 39. Rd3 Kg8 40. Rdg3
Qf6 41. Qa4 Ree7 42. Qxa5 e5 43. h4 f4 44. Rc3 e4 45. Rc8+ Kh7 46. Qd8 Rgf7 47.
Kh2 Kh6 48. Qd5 Qe6 49. Rh8+ Rh7 50. Rh5+ 1-0

[Event "11th Philadelphia International"]
[Site "Philadelphia, PA"]
[Date "2017.06.24"]
[Round "2.8"]
[White "Aaron, Deepak"]
[Black "Hernandez, Holden"]
[Result "1/2-1/2"]
[WhiteElo "2321"]
[BlackElo "2510"]
[PlyCount "83"]
[EventDate "2017.06.??"]
[EventType "swiss"]
[EventRounds "9"]
[EventCountry "USA"]

1. e4 c6 2. d4 d5 3. Nc3 dxe4 4. Nxe4 Bf5 5. Ng3 Bg6 6. h4 h6 7. Nh3 e6 8. Nf4
Bh7 9. Bc4 Nf6 10. O-O Bd6 11. Nxe6 fxe6 12. Bxe6 Bxg3 13. fxg3 Qe7 14. Qe1
Nbd7 15. Bf4 Nf8 16. Bb3 Qxe1 17. Raxe1+ Kd7 18. Bxh6 gxh6 19. Rxf6 Bg6 20. d5
Re8 21. dxc6+ bxc6 22. Rd1+ Kc7 23. Rdd6 Be4 24. Rxh6 Nd7 25. c3 Rxh6 26. Rxh6
Rb8 27. Re6 Nc5 28. Re7+ Kd6 29. Rxa7 Nxb3 30. axb3 Rxb3 31. Ra4 Bc2 32. Rd4+
Ke5 33. Rb4 Rxb4 34. cxb4 Kf5 35. Kf2 Kg4 36. b3 Bg6 37. Ke3 Kxg3 38. Kd4 Kxh4
39. Kc5 Be8 40. Kd6 Kg3 41. Ke7 Bg6 42. Kd6 1/2-1/2

[Event "11th Philadelphia International"]
[Site "Philadelphia, PA"]
[Date "2017.06.24"]
[Round "2.10"]
[White "Niemann, Hans"]
[Black "Nakar, Eylon"]
[Result "0-1"]
[WhiteElo "2282"]
[BlackElo "2476"]
[PlyCount "90"]
[EventDate "2017.06.??"]
[EventType "swiss"]
[EventRounds "9"]
[EventCountry "USA"]

1. d4 Nf6 2. c4 e6 3. Nc3 Bb4 4. Bg5 c5 5. d5 d6 6. e3 exd5 7. cxd5 Nbd7 8. Bb5
h6 9. Bh4 O-O 10. Bxd7 Bxd7 11. Nge2 g5 12. Bg3 Ne4 13. O-O Nxg3 14. Nxg3 f5
15. f4 Qf6 16. Qd3 Rae8 17. Rad1 c4 18. Qxc4 Bc5 19. fxg5 Qxg5 20. Kh1 Rxe3 21.
Nce2 b5 22. Qf4 Rfe8 23. b4 Qxf4 24. Rxf4 Bb6 25. Rd2 a5 26. bxa5 Bxa5 27. Rc2
R8e5 28. h4 Rxd5 29. Kh2 Rc5 30. Nd4 Rxc2 31. Nxc2 Re5 32. Rd4 Bc7 33. Nb4 Be6
34. Na6 Bd8 35. a3 Kf7 36. Nb4 Be7 37. Nd3 Re3 38. h5 Kf6 39. Nf4 Rxa3 40. Nd5+
Kf7 41. Nc7 Bf6 42. Nxb5 Bxd4 43. Nxa3 Be5 44. Nc2 Kf6 45. Ne1 d5 0-1

[Event "11th Philadelphia International"]
[Site "Philadelphia, PA"]
[Date "2017.06.24"]
[Round "2.11"]
[White "Garcia, Jan"]
[Black "Li, Ben"]
[Result "1-0"]
[WhiteElo "2436"]
[BlackElo "2263"]
[PlyCount "123"]
[EventDate "2017.06.??"]
[EventType "swiss"]
[EventRounds "9"]
[EventCountry "USA"]

1. Nf3 d5 2. d4 Nf6 3. g3 e6 4. Bg2 Be7 5. O-O O-O 6. b3 b6 7. c4 Bb7 8. cxd5
Bxd5 9. Nc3 Bb7 10. Bb2 Nbd7 11. Rc1 c5 12. dxc5 Nxc5 13. b4 Nce4 14. Nxe4 Bxe4
15. Qa4 a6 16. Rfd1 Qe8 17. Qxe8 Rfxe8 18. a3 Red8 19. Nd4 Rac8 20. Bxe4 Nxe4
21. f3 Nf6 22. Re1 Kf8 23. Nc6 Rd7 24. Nxe7 Rxc1 25. Rxc1 Kxe7 26. Rc2 Ne8 27.
Kf2 f6 28. e4 Rc7 29. Re2 e5 30. f4 Ke6 31. f5+ Ke7 32. g4 Nd6 33. g5 b5 34.
Kf3 Nc4 35. gxf6+ Kxf6 36. Bc1 Rd7 37. Rc2 Rd3+ 38. Kg4 Rd4 39. Kf3 g6 40. fxg6
hxg6 41. h4 Rd1 42. a4 Rd3+ 43. Kg4 Rb3 44. axb5 axb5 45. Rf2+ Kg7 46. h5 gxh5+
47. Kxh5 Rh3+ 48. Kg4 Rh1 49. Bg5 Re1 50. Kh5 Rh1+ 51. Kg4 Rg1+ 52. Kh5 Nd6 53.
Bf6+ Kg8 54. Bxe5 Nxe4 55. Rf5 Rb1 56. Rf4 Rxb4 57. Kg6 Ra4 58. Rg4 Nc5 59. Rg1
Ne6 60. Kf6+ Kf8 61. Kxe6 Rh4 62. Bd6+ 1-0

[Event "11th Philadelphia International"]
[Site "Philadelphia, PA"]
[Date "2017.06.24"]
[Round "2.14"]
[White "Zhang, Chao"]
[Black "Mulyar, Michael"]
[Result "0-1"]
[WhiteElo "2229"]
[BlackElo "2407"]
[PlyCount "114"]
[EventDate "2017.06.??"]
[EventType "swiss"]
[EventRounds "9"]
[EventCountry "USA"]

1. e4 e5 2. Nf3 Nc6 3. Bb5 a6 4. Ba4 Nf6 5. O-O b5 6. Bb3 Bc5 7. c3 d6 8. d4
Bb6 9. a4 Rb8 10. axb5 axb5 11. dxe5 Nxe5 12. Nxe5 dxe5 13. Qxd8+ Kxd8 14. Nd2
Ke7 15. Nf3 Nd7 16. Re1 Bb7 17. Be3 Bxe3 18. Rxe3 Ra8 19. Rc1 c5 20. Bd5 Bxd5
21. exd5 f6 22. b3 Ra3 23. c4 Rb8 24. g4 bxc4 25. bxc4 Rxe3 26. fxe3 Rb2 27. e4
Re2 28. Re1 Rc2 29. g5 Rxc4 30. gxf6+ Kxf6 31. Nd2 Rc2 32. Nf1 g6 33. Ne3 Ra2
34. Nc4 Ke7 35. h3 Rc2 36. Ne3 Rd2 37. Nc4 Rd4 38. Na5 Ra4 39. Nc6+ Kd6 40. Kf2
c4 41. Re3 Nc5 42. Kf3 c3 43. Rxc3 Nxe4 44. Re3 Nd2+ 45. Ke2 Nc4 46. Rd3 e4 47.
Rd4 Kc5 48. Kf2 Ra2+ 49. Kg3 e3 50. Rd3 Rd2 51. Rb3 Kxd5 52. Ne7+ Ke4 53. Ng8
Rd1 54. Nf6+ Kd4 55. Rb5 e2 56. Rd5+ Kc3 57. Ne4+ Kb4 0-1

[Event "11th Philadelphia International"]
[Site "Philadelphia, PA"]
[Date "2017.06.24"]
[Round "2.15"]
[White "Proleiko, Julian"]
[Black "Zhu, Jack"]
[Result "0-1"]
[WhiteElo "2156"]
[BlackElo "2400"]
[PlyCount "74"]
[EventDate "2017.06.??"]
[EventType "swiss"]
[EventRounds "9"]
[EventCountry "USA"]

1. e4 c5 2. Nf3 e6 3. d4 cxd4 4. Nxd4 a6 5. Nc3 Ne7 6. g3 Nbc6 7. Nb3 Ng6 8. h4
d6 9. h5 Nge5 10. f4 Nd7 11. Be3 Qc7 12. Qe2 b5 13. Bg2 Bb7 14. Qf2 Be7 15.
O-O-O Rc8 16. Kb1 Na5 17. Bd4 O-O 18. g4 b4 19. Nxa5 Qxa5 20. Ne2 e5 21. Be3
Nf6 22. Ng3 Nxg4 23. Qe2 Nxe3 24. Qxe3 exf4 25. Qxf4 Bg5 26. Qg4 Bf6 27. Nf5
Qe5 28. Rd4 Qc5 29. Rd2 Qe5 30. Rd4 Rb8 31. Rhd1 Bc8 32. Rxb4 Be6 33. Rbd4 Rfc8
34. Qf3 Qc5 35. Qf2 Rxb2+ 36. Kxb2 Qc3+ 37. Kc1 Bg5+ 0-1

[Event "11th Philadelphia International"]
[Site "Philadelphia, PA"]
[Date "2017.06.24"]
[Round "2.16"]
[White "Nolte, Rolando"]
[Black "Cooke, Eric"]
[Result "1-0"]
[WhiteElo "2393"]
[BlackElo "2118"]
[PlyCount "81"]
[EventDate "2017.06.??"]
[EventType "swiss"]
[EventRounds "9"]
[EventCountry "USA"]

1. e4 e6 2. Nc3 d5 3. d4 Bb4 4. e5 c5 5. a3 Bxc3+ 6. bxc3 Ne7 7. a4 Nbc6 8. Nf3
Qa5 9. Bd2 Bd7 10. Bb5 c4 11. O-O f6 12. Qe2 a6 13. Bxc6 Nxc6 14. Rfb1 Qc7 15.
Bc1 fxe5 16. dxe5 O-O-O 17. Ba3 Be8 18. Qe3 Bg6 19. Rb2 Be4 20. Bd6 Rxd6 21.
exd6 Qxd6 22. Ng5 Bg6 23. Rab1 h6 24. Qxe6+ Qxe6 25. Nxe6 Re8 26. Nf4 Bf7 27.
Rxb7 Nd8 28. Rb8+ Kc7 29. Kf1 Re4 30. Ne2 Be8 31. f3 Re5 32. Ra8 Bxa4 33. Ra7+
Kc8 34. Nd4 Bb5 35. Rxb5 axb5 36. Ra8+ Kc7 37. Rxd8 Kxd8 38. Nc6+ Kd7 39. Nxe5+
Ke6 40. Nc6 Kd6 41. Nd4 1-0

[Event "11th Philadelphia International"]
[Site "Philadelphia, PA"]
[Date "2017.06.24"]
[Round "2.17"]
[White "Easton, Jack"]
[Black "Hong, Andrew"]
[Result "1/2-1/2"]
[WhiteElo "2098"]
[BlackElo "2383"]
[PlyCount "84"]
[EventDate "2017.06.??"]
[EventType "swiss"]
[EventRounds "9"]
[EventCountry "USA"]

1. d4 d5 2. c4 e6 3. Nc3 c6 4. e3 Nf6 5. Nf3 Nbd7 6. Be2 Bd6 7. O-O O-O 8. Qc2
e5 9. dxe5 Nxe5 10. cxd5 cxd5 11. Rd1 Nxf3+ 12. Bxf3 Qc7 13. g3 Be5 14. Bd2 Be6
15. Rac1 Rac8 16. Be1 Rfd8 17. Qe2 Qb8 18. Nb5 Rxc1 19. Rxc1 a6 20. Nd4 Rc8 21.
Rxc8+ Qxc8 22. Nxe6 fxe6 23. Qd2 Qc5 24. Kg2 Kf7 25. b3 Bd6 26. Qc3 Qxc3 27.
Bxc3 e5 28. Kf1 Ke6 29. Bg2 g5 30. Ke2 b6 31. Bb2 Kf5 32. Ke1 h5 33. Bf1 a5 34.
h3 Bb4+ 35. Kd1 Ke6 36. Bd3 Bd6 37. Ba6 Ne8 38. Bc8+ Ke7 39. Bb7 Ke6 40. Bc8+
Ke7 41. Bb7 Ke6 42. Bc8+ Ke7 1/2-1/2

[Event "11th Philadelphia International"]
[Site "Philadelphia, PA"]
[Date "2017.06.24"]
[Round "2.19"]
[White "Kumar, Prudhvi"]
[Black "Paul, Justin"]
[Result "1/2-1/2"]
[WhiteElo "1707"]
[BlackElo "2195"]
[PlyCount "93"]
[EventDate "2017.06.??"]
[EventType "swiss"]
[EventRounds "9"]
[EventCountry "USA"]

1. e4 g6 2. d4 d6 3. Nc3 Nf6 4. Be3 Nbd7 5. Qd2 c6 6. Nf3 b5 7. Bd3 Nb6 8. h3
h6 9. O-O Qc7 10. e5 dxe5 11. Nxe5 Nfd5 12. Nxd5 Nxd5 13. c4 bxc4 14. Bxc4 Be6
15. Rac1 Qb6 16. Bb3 Rc8 17. Ba4 Bd7 18. Nxd7 Kxd7 19. Rxc6 Rxc6 20. Rc1 Kd8
21. Rxc6 Qb4 22. Qc2 e6 23. Rc8+ Ke7 24. Bd2 Qxd4 25. Rc4 Qe5 26. f4 Qb8 27.
Bb4+ Kd8 28. Ba5+ Ke7 29. Rc8 Qd6 30. Re8+ Kf6 31. Bc3+ Nxc3 32. Qxc3+ Kf5 33.
Bc2+ Kxf4 34. g3+ Kg5 35. Qf3 f5 36. Bb3 Qd4+ 37. Kh1 h5 38. Rxe6 Bc5 39. Qf4+
Qxf4 40. gxf4+ Kxf4 41. Rxg6 Re8 42. Rg2 Re1+ 43. Kh2 Bd6 44. Rd2 Be5 45. Kg2
Ke3 46. Rf2 f4 47. Bd5 1/2-1/2

[Event "11th Philadelphia International"]
[Site "Philadelphia, PA"]
[Date "2017.06.24"]
[Round "2.20"]
[White "Zhou, Jianchao"]
[Black "Guddanti, Harshita"]
[Result "1-0"]
[WhiteElo "2595"]
[BlackElo "2023"]
[PlyCount "73"]
[EventDate "2017.06.??"]
[EventType "swiss"]
[EventRounds "9"]
[EventCountry "USA"]

1. d4 Nf6 2. c4 e6 3. Nc3 Bb4 4. Qc2 O-O 5. a3 Bxc3+ 6. Qxc3 b6 7. Bg5 Bb7 8.
f3 d6 9. e4 c5 10. dxc5 bxc5 11. Rd1 Nc6 12. Bxf6 Qxf6 13. Qxf6 gxf6 14. Rxd6
Rfd8 15. Rxd8+ Rxd8 16. Ne2 Ba6 17. Nc3 Ne5 18. Nb5 Bxb5 19. cxb5 Nd3+ 20. Bxd3
Rxd3 21. Ke2 Rb3 22. Rb1 Rxb5 23. Kd3 Rb7 24. Kc4 Rd7 25. Kxc5 Rd2 26. Kb5 Rxg2
27. Ka6 Rf2 28. a4 Rxf3 29. b4 f5 30. exf5 Rxf5 31. Kxa7 e5 32. a5 e4 33. Kb6
Re5 34. a6 Re6+ 35. Ka5 e3 36. a7 Re8 37. b5 1-0

[Event "11th Philadelphia International"]
[Site "Philadelphia, PA"]
[Date "2017.06.24"]
[Round "2.21"]
[White "Wheeler, Cameron"]
[Black "Norman, Dennis"]
[Result "1-0"]
[WhiteElo "2407"]
[BlackElo "1644"]
[PlyCount "35"]
[EventDate "2017.06.??"]
[EventType "swiss"]
[EventRounds "9"]
[EventCountry "USA"]

1. d4 Nf6 2. Nf3 e6 3. c4 c5 4. d5 b5 5. Bg5 b4 6. e4 d6 7. Bd3 Be7 8. O-O O-O
9. e5 dxe5 10. d6 Nc6 11. dxe7 Qxe7 12. Be4 Bb7 13. Bxc6 Bxc6 14. Nxe5 Bb7 15.
Nd2 Rfd8 16. Qe2 h6 17. Bxf6 Qxf6 18. Ndf3 1-0